=LDR 00000nam 2200000 4500 =001 INLIS000000000033217 =990 ##$$a 0001/BPAP-NTB/20142014 =990 ##$$a 0001/BPAP-NTB/20142014 =005 20240520093106 =990 ##$$a 0001/BPAP-NTB/20142014 =990 ##$$a 0001/BPAP-NTB/20142014 =035 ##$$a 0010-061300000033217 =008 240520###########################0#ind## =041 ##$$a ind =082 ##$$a 959.8 =090 ##$$a 959.8, Pra,m =100 ##$$a Prasetyo,Deni =245 1#$$a Mengenal Kerajaan-Kerajaan Nusantara /$c Deni Prasetyo =260 ##$$a Yogyakarta :$b Pustaka Widyatama,$c 2009 =300 ##$$a 112 hlm : $b Ilus ; $c 28 cm =650 #4$$a Sejarah Indonesia =850 ##$$a NBPNMAT =020 ##$$a 979-610-309-5 =084 ##$$a 959.8 PRA m =990 ##$$a 0001/BPAP-NTB/20142014 =990 ##$$a 0001/BPAP-NTB/20142014